| 000 -LEADER |
| fixed length control field |
00460nam a22001097a 4500 |
| 008 - FIXED-LENGTH DATA ELEMENTS--GENERAL INFORMATION |
| fixed length control field |
260311b ||||| |||| 00| 0 eng d |
| 100 ## - MAIN ENTRY--PERSONAL NAME |
| Personal name |
Baksi, Arup Kumar and Sanyal, Subhashree |
| 245 ## - TITLE STATEMENT |
| Title |
Impact of entrepreneurial skill and competency on business performance: a quantitative study on farm tourism in Birbhum District in West Bengal |
| 260 ## - PUBLICATION, DISTRIBUTION, ETC. (IMPRINT) |
| Place of publication, distribution, etc |
Madhya Pradesh Journal of Social Sciences |
| 300 ## - PHYSICAL DESCRIPTION |
| Extent |
29(1), Jun, 2024: p.145-159 |
| 942 ## - ADDED ENTRY ELEMENTS (KOHA) |
| Item type |
Articles |